| 000 | 00605nam a2200217 a 4500 | ||
|---|---|---|---|
| 005 | 20210223124800.0 | ||
| 008 | 021107s1990 mx r 000 0 spa d | ||
| 020 | _a8482724908 | ||
| 035 | _aUPN01000120823 | ||
| 049 | _aC | ||
| 050 | 4 |
_aK50 _bG8.28 1990 |
|
| 100 | 1 | _aGuillien, Raymond | |
| 245 | 1 | 0 |
_aDiccionario jurÃdico / _cRaymond Guillien, Jean Vicent ; tr. Jorge Guerrero. |
| 250 | _a2a ed. correg. y aum. | ||
| 260 |
_aBogotá : _bTemis, _c1990. |
||
| 300 | _a417 p. | ||
| 650 | 4 |
_aDERECHO - _vDICCIONARIOS _916689 |
|
| 700 | 1 |
_aVicent, Jean, _ecoaut. |
|
| 902 | _aMCM/cav | ||
| 905 | _aLibro | ||
| 999 |
_c93157 _d93157 |
||